| 000 | 01124cam a2200325 i 4500 | ||
|---|---|---|---|
| 001 | 768714001 | ||
| 003 | CO-MdFUSB | ||
| 005 | 20240622100435.0 | ||
| 007 | ta | ||
| 008 | 160827t2012 -uk||||| |||| 00| 0 eng d | ||
| 020 | _a978-0-281-06734-3 | ||
| 040 |
_aCO-MdFUSB _bEspañol _cCO-MdFUSB _dCO-MdFUSB |
||
| 041 | _aeng | ||
| 082 |
_224 _aG 234.7 _bB422j |
||
| 100 | 1 | _aBeilby, James K., (Editor) | |
| 245 | 1 | 0 |
_aJustification : _bFive views / _ceditado por James K. Beilby y Paul R. Eddy |
| 264 | 1 |
_aLondon : _bSPCK, _c[2012] |
|
| 264 | 4 | _c©2012 | |
| 300 | _a319 páginas | ||
| 336 |
_2rdacontent _atexto _btxt |
||
| 337 |
_2rdamedia _asin mediación _bn |
||
| 338 |
_2rdacarrier _avolumen _bnc |
||
| 501 | _aRústico | ||
| 505 | _aJustificación en perspectiva histórica - Justificación en el debate contemporáneo - Vista reformada tradicional - Vista reformada progresiva - Nueva vista en perspectiva - Vista de deificación - Visión católica romana. | ||
| 653 | _aJustificación | ||
| 720 |
_aPaul Rhodes Eddy, _eeditor |
||
| 720 |
_aSteven E. Eenderlein _eeditor |
||
| 942 | _cBK | ||
| 945 | _aMiguel | ||
| 999 |
_c47141 _d47141 |
||